Postavenie a perspektívy rozvoja Blízkeho a Stredného východu vo svetovom hospodárstve dizertačná práca

Saved in:
Bibliographic Details
Main Author: Havlová, Katarína
Corporate Author: Fakulta medzinárodných vzťahov EU. Katedra svetovej ekonomiky
Other Authors: Lysák, Ladislav
Format: Book
Language:Slovak
Published: Bratislava 2007
Subjects:
Tags: Add Tag
No Tags, Be the first to tag this record!

MARC

LEADER 00000nam$a2200000$$$4500
001 0065989
005 20240318125744.7
041 0 |a slo 
044 |a SK 
245 1 0 |a Postavenie a perspektívy rozvoja Blízkeho a Stredného východu vo svetovom hospodárstve  |b dizertačná práca  |c Katarína Havlová ; škol. Ladislav Lysák 
264 1 |a Bratislava  |c 2007 
300 |a 195 s. 
610 2 0 |a hospodárstvo svetové 
610 2 0 |a hospodárstvo národné 
610 2 0 |a Blízky východ 
610 2 0 |a Stredný východ 
610 2 0 |a spolupráca hospodárska medzinárodná 
610 2 0 |a vzťahy hospodárske medzinárodné 
100 1 |a Havlová, Katarína 
700 1 |a Lysák, Ladislav 
710 2 |a Fakulta medzinárodných vzťahov EU. Katedra svetovej ekonomiky